logo

Bir Sreshtho Munshi Abdur Rouf Library
Jhenaidah Cadet College

Developing the leader within you / (Record no. 255)

MARC details
000 -LEADER
fixed length control field 00679nam a2200253 a 4500
001 - CONTROL NUMBER
JCCL Control Number 255
003 - CONTROL NUMBER IDENTIFIER
JCCL marc code BD-JhCC
005 - DATE AND TIME OF LATEST TRANSACTION
control field 20171003103517.0
008 - FIXED-LENGTH DATA ELEMENTS--GENERAL INFORMATION
fixed length control field 031017s1993 tnua b a 000 0 eng
020 ## - INTERNATIONAL STANDARD BOOK NUMBER
International Standard Book Number 0840767447
035 ## - SYSTEM CONTROL NUMBER
system control number (BD-JhCC)255
040 ## - CATALOGING SOURCE
Original cataloging agency DLC
Transcribing agency DLC
Modifying agency DLC
041 ## - LANGUAGE CODE
Language code of Book eng
050 00 - LIBRARY OF CONGRESS CALL NUMBER
Classification number HD57.7
Item number .M394 1993
082 00 - DEWEY DECIMAL CLASSIFICATION NUMBER
Classification number 658.4/092
DDC Edition number 20
Author mark and Year MAX 1993
100 1# - MAIN ENTRY--PERSONAL NAME
Personal name Maxwell, John C.,
Dates associated with a name 1947-
245 10 - TITLE STATEMENT
Title Developing the leader within you /
Statement of responsibility, etc John. C. Maxwell.
260 ## - PUBLICATION, DISTRIBUTION, ETC. (IMPRINT)
Place of publication, distribution, etc Nashville :
Name of publisher, distributor, etc T. Nelson,
Date of publication, distribution, etc c1993.
300 ## - PHYSICAL DESCRIPTION
Pagination 178 p. :
Other physical details ill. ;
Dimensions 22 cm.
504 ## - BIBLIOGRAPHY, ETC. NOTE
Bibliography, etc Includes bibliographical references.
650 #0 - SUBJECT ADDED ENTRY--TOPICAL TERM
Topical term or geographic name as entry element Leadership.
942 ## - ADDED ENTRY ELEMENTS (KOHA)
Source of classification or shelving scheme Dewey Decimal Classification
Koha item type Books
Holdings
Source of classification or shelving scheme Damaged status Not for loan Home library Current library Shelving location Date of accession Total Checkouts Full call number Barcode Date last seen Copy number Koha item type Cost, normal purchase price Method of acquisition Currency
Dewey Decimal Classification     JCC Rouf Library JCC Rouf Library General Stacks 03/10/2017   658.4/092 MAX 1993 1461 10/03/2017 C-1 Books      
Dewey Decimal Classification     JCC Rouf Library JCC Rouf Library General Stacks 05/11/2023   658.4/092 MAX 1993 17555 05/11/2023 C-2 Books 200.00 Purchase BDT

JCC Library | Contacts | JCC Home

Last Update on 23 September 2017
Copyright @ 2017-2020 JCC Rouf Library
Rouf Library, Jhenidah Cadet College (JCC), Bangladesh